Escudos dos Clubes da Série A do Campeonato Brasileiro - Statistics

Estatísticas Gerais
  • Esse quiz foi jogado 281 vezes
    196 desde o último reset
  • A pontuação média é 19 de 20
Estatísticas das Respostas
Imagem Resposta % Correto
Botafogo
100%
Flamengo
99%
Grêmio
99%
Palmeiras
99%
Santos
99%
Vasco da Gama
99%
Bahia
98%
Corinthians
98%
Cruzeiro
98%
Fluminense
98%
Red Bull Bragantino
98%
São Paulo
98%
Atlético Mineiro
97%
Fortaleza
97%
Internacional
96%
Juventude
93%
Sport
93%
Vitória
93%
Mirassol
91%
Ceará
90%
Nenhum quiz correspondente encontrado
Distribuição das Pontuações
Porcentagem de Pessoas com Cada Pontuação
Percentil de Números Respondidos
Sua Pontuação Histórica
Você não jogou esse quiz desde o último reset